| 000 | 01482cam a22003734a 4500 | ||
|---|---|---|---|
| 001 | 14321773 | ||
| 005 | 20060915080244.0 | ||
| 008 | 060328s2007 maua b 001 0 eng | ||
| 010 | _a 2006010563 | ||
| 016 | 7 |
_a101272720 _2DNLM |
|
| 020 | _a0763738875 | ||
| 020 | _a9780763738877 | ||
| 035 | _a(OCoLC)ocm65361310 | ||
| 040 |
_aDNLM/DLC _cDLC _dNLM _dBAKER _dC#P _dDLC |
||
| 042 | _apcc | ||
| 050 | 0 | 0 |
_aRG951 _b.A74 2007 |
| 060 | 1 | 0 |
_aWY 157.3 _bA681m 2007 |
| 082 | 0 | 0 |
_a618.2 _222 _bARE |
| 100 | 1 |
_aArenson, Janet. _923562 |
|
| 245 | 1 | 0 |
_aMaternal and Newborn Health / _cJanet Arenson, Patricia Drake. |
| 260 |
_aSudbury, MA : _bJones and Bartlett Publishers, 2007 _cc2007. |
||
| 300 |
_avii, 477 p. : _bill. ; _c23 cm. |
||
| 490 |
_923555 _aQuick Look Nursing |
||
| 504 | _aIncludes bibliographical references (p. 454-468) and index. | ||
| 650 | 0 |
_aMaternity nursing. _923563 |
|
| 650 | 1 | 2 |
_aMaternal-Child Nursing. _923564 |
| 650 | 2 | 2 |
_aPregnancy Complications. _923565 |
| 653 |
_bNUR _cApril2011 |
||
| 700 | 1 |
_aDrake, Patricia. _923566 |
|
| 856 | 4 | 1 |
_3Table of contents only _uhttp://www.loc.gov/catdir/toc/ecip0611/2006010563.html |
| 942 |
_2ddc _cNRB |
||
| 999 |
_c15235 _d15235 |
||